VILO - Rowy świata - Statystyki

Ogólne statystyki
  • Ten quiz został rozwiązany 40 razy
    35 od ostatniego zresetowania
  • Średni wynik to 8 z 11
Odpowiedzi na mapie
Odpowiedzi zakodowano w zielono-czerwonej skali na mapie do tego quizu, zgodnie z poniższymi procentami.
 
Statystyki odpowiedzi
Odpowiedź % Poprawnych
Rów Japoński
95%
Rów Kurylski
84%
Rów Mariański
84%
Rów Peruwiański (Atakamski, Peruńsko-chiński)
84%
Rów Puerto Rico
79%
Rów Tonga
74%
Rów Południowy Sandwich
68%
Wielki Rów Wschodni
68%
Wielki Rów Zachodni
68%
Rów Kermadec
58%
Rów Aleucki
47%
Nie znaleziono quizów pasujących do podanych kryteriów
Rozkład punktacji
Procent ludzi z każdym wynikiem
Percentyl według liczby udzielonych odpowiedzi
Twoja historia wyników
Nie rozwiązałeś tego quizu od ostatniego zresetowania